000 00484cam a22001814a 4500
005 20250605164250.0
008 250528s ||||||||||||||||||||||||d
035 _a21683
040 _aGR-AtMCL
_bgre
_dGR-AtMCL
_eAACR2
245 1 _aΕΦΑΡΜΟΣΜΕΝΗ ΗΛΕΚΤΡΟΘΕΡΑΠΕΙΑ
250 _a3
260 _bΑυτοεκδοση,
_c2008
300 _a284
700 1 _aΦραγκοραπτης Ελευθ
_97625
942 _cBK
999 _c6743
_d6743